Statistiques concernant Acteurs français par rôle récurrent

Cliquez ici pour prendre le quiz!

Statistiques générales

  • Ce quiz a été pris 10 408 fois
  • Le résultat moyen est 8 sur 20

Statistiques - réponses

Personnages#DatesActeurs% Correct
Obélix41999-2012Gérard Depardieu
92%
OSS 11732006-2021Jean Dujardin
90%
Ludovic Cruchot61964-1982Louis de Funès
84%
Godefroy de Montmirail41993-2016Jean Reno
68%
Patrick Chirac32006-2016Franck Dubosc
60%
Jeff Tuche42011-2021Jean-Paul Rouve
56%
Jean-Claude Dusse31978-2006Michel Blanc
51%
Don Camillo61952-1970Fernandel
46%
Claude Verneuil32014-2021Christian Clavier
45%
Gustave Latouche42011-2022Élie Semoun
36%
François Pignon/Perrin71972-1986Pierre Richard
36%
Fantômas31964-1967Jean Marais
25%
Serge Benamou31997-2012José Garcia
23%
Pithivier31973-1977Jean Lefebvre
20%
François Lesbuche31984-2003Thierry Lhermitte
14%
Daniel Morales41998-2007Samy Naceri
13%
Antoine Doinel51959-1979Jean-Pierre Léaud
9%
Zaza Napoli31978-1985Michel Serrault
9%
Le Monocle31961-1964Paul Meurisse
4%
Jules Maigret31942-1944Albert Préjean
2%

Distribution des résultats

Percentile par nombre de réponses

% des personnes avec chaque résultat

Votre développement - résultats

Vous n’avez pas pris ce quiz